Państwa które kiedykolwiek miała Rosja - Statystyki

Ogólne statystyki
  • Ten quiz został rozwiązany 875 razy
    836 od ostatniego zresetowania
  • Średni wynik to 25 z 31
Statystyki odpowiedzi
ROSJA % Poprawnych
Polska
98%
Litwa
96%
Estonia
95%
Łotwa
95%
Ukraina
95%
Niemcy
93%
Białoruś
91%
Finlandia
91%
Kazachstan
91%
Chiny
90%
Gruzja
87%
Mongolia
87%
Armenia
85%
Mołdawia
85%
Rumunia
85%
Uzbekistan
84%
Słowacja
83%
Czechy
81%
Tadżykistan
81%
Turkmenistan
80%
Kirgistan
79%
Węgry
78%
Bułgaria
75%
Austria
70%
Serbia
70%
Afganistan
68%
Stany Zjednoczone
68%
Iran
67%
Korea Północna
67%
Norwegia
63%
Rosja
52%
Nie znaleziono quizów pasujących do podanych kryteriów
Rozkład punktacji
Procent ludzi z każdym wynikiem
Percentyl według liczby udzielonych odpowiedzi
Twoja historia wyników
Nie rozwiązałeś tego quizu od ostatniego zresetowania